| 000 | 00981nam2a22002651 4500 | ||
|---|---|---|---|
| 001 | v19\rc\1455532 | ||
| 005 | 20260124155858.0 | ||
| 035 | _a(NLR Aleph) 004595056 | ||
| 090 |
_a2709499 _c2709499 |
||
| 100 | _a20060620d1883 u y0rusy50 ca | ||
| 101 | 0 | _arus | |
| 102 | _aRU | ||
| 105 | _ay z ||||| | ||
| 200 | 0 | _aза 1880, 1881 и 1882 годы | |
| 210 | _d1883 | ||
| 215 | _a[4], 80 с. | ||
| 461 | 0 |
_1001v19\rc\1455527 _12001#$aОтчет Общины св. Георгия ...$vза 1880, 1881 и 1882 годы _92709439 _aОбщина сестер милосердия св. Георгия (Петербург) _cСанкт-Петербург _d1874-1914 _tОтчет Общины св. Георгия ... _vза 1880, 1881 и 1882 годы |
|
| 801 | 0 |
_aRU _bNLR _gpsbo |
|
| 801 | 0 |
_aRU _bRuMoRGB _2psbo |
|
| 801 | 1 |
_aRU _bProSoft-M _2rusmarc |
|
| 852 |
_aNLR _j18.166.5.12(1880-82) |
||
| 899 |
_aRuMoRGB _jL 2/264 _z(1872-1912*) |
||
| 942 | _cBOOK | ||
| 980 | _aNB | ||